000 00620nam a22001931a 4500
001 1892
003 OSt
005 20260204211751.0
008 070102s2000||||dr ||||||b||||||||||spa||
050 _aRD 351.873 G994p
100 _aGuzmán, Carlos Modesto
245 _aEl proceso de reforma del instituto postal Dominicano / Carlos Modesto Guzmán
264 _aSanto Domingo: Amigo del Hogar
300 _a35 p
490 _aConversatorio de reforma No. 15
650 _a1.Servicios Postales 2.República Dominicana
710 _aComisión Presidencial de la Reforma y Modernización del EstadoÌ
942 _2ddc
_cBK
999 _c1892
_d1892